000 00445nam a22001937a 4500
003 CEME
005 20210628202846.0
008 210119b xxu||||| |||| 00| 0 eng d
020 _a81-239-1282-X
040 _cceme
082 _a531.11 RAM
100 _aRamsey, A.S
_92695
245 _aDynamics, part- 1 and 2
250 _a2ND
260 _aNEW DELHI
_bCBS
_c2005
300 _aXI,336 P
650 _aDYNAMICS
_97202
942 _cBK
_2ddc
999 _c571250
_d571250